000 00476nam a22001697a 4500
003 NUST - PNEC
005 20170116180935.0
008 150906b xxu||||| |||| 00| 0 eng d
020 _a0070569290
040 _cLIBRARY
082 _a621.85 SHI
100 _98457
_aShigley, Joseph Edward
245 _aPower transmission elements : a mechanical designers' workbook
_cJoseph Edward Shigley
260 _cc.1986
650 _98458
_aPower transmission
_xEE
942 _2ddc
_cBK
999 _c66011
_d66011